|
|
|
|
| LEADER |
00672nab a2200169 i 4500 |
| 001 |
misc73423 |
| 005 |
20241018122252.0 |
| 008 |
241018s1950 hu o 000 eng d |
| 040 |
|
|
|a SZTE Miscellanea Repozitórium
|b hun
|
| 041 |
|
|
|a eng
|
| 100 |
1 |
|
|a Varga L.
|
| 245 |
1 |
0 |
|a Observations on the glycerol-extracted musculus psoas of the rabbit at higher temperature
|h [elektronikus dokumentum] /
|c Varga L.
|
| 260 |
|
|
|a Dr. W. Junk
|b Den Haag
|c 1950-11-15
|
| 300 |
|
|
|a 212-217
|
| 490 |
0 |
|
|a Enzymologia : Acta Biocatalytica
|v 14 No. 4
|
| 561 |
|
|
|a Szent-Györgyi Albert munkatársainak publikációi
|
| 856 |
4 |
0 |
|u http://misc.bibl.u-szeged.hu/73423/1/szgya_amerikai_022.pdf
|z Dokumentum-elérés
|